00581cam a22001697a 4500008004000000082001400040100001600054245010400070260004400174300001000218650002000228650002500248650001600273700001800289999001900307952008500326180718b1973 xxu||||| |||| 00| 0 eng d aT000 Si54 aPaul, Simon aThe politics of world hunger: grass root politics and world povertycby Paul Simon and Arthur Simon aNew YorkbHarper's Magazine Pressc1973 a249p. aEconomic policy aEconomic development aFood supply aSimon, Arthur c353617d353617 00104070aIIPAbIIPAd1993-12-04oT000 Si54p49469r2018-07-21w2018-07-21yBK